[Event "Kibizov Memorial 2018"]
[Site "?"]
[Date "2018.06.28"]
[Round "8.1"]
[White "Doluhanova, Evgeniya"]
[Black "Prudnikova, Svetlana"]
[Result "1-0"]
[BlackElo "2252"]
[WhiteElo "2257"]
[LiveChessVersion "1.4.8"]

1. e4 {[%clk 1:30:44]} c5 {[%clk 1:31:00]} 2. Nf3 {[%clk 1:30:31]} Nc6
{[%clk 1:31:25]} 3. d4 {[%clk 1:30:59]} cxd4 {[%clk 1:31:51]} 4. Nxd4
{[%clk 1:31:26]} Nf6 {[%clk 1:32:15]} 5. Nc3 {[%clk 1:31:53]} d6 {[%clk 1:32:41]}
6. Bg5 {[%clk 1:32:17]} e6 {[%clk 1:32:52]} 7. f4 {[%clk 1:31:10]} h6
{[%clk 1:23:27]} 8. Bh4 {[%clk 1:25:32]} Be7 {[%clk 1:17:57]} 9. Bf2
{[%clk 1:18:33]} a6 {[%clk 1:13:02]} 10. Be2 {[%clk 1:14:22]} Qc7
{[%clk 1:07:14]} 11. Qd2 {[%clk 1:06:12]} Nxd4 {[%clk 1:04:16]} 12. Qxd4
{[%clk 1:06:02]} e5 {[%clk 0:53:34]} 13. fxe5 {[%clk 1:03:30]} dxe5
{[%clk 0:53:56]} 14. Qb6 {[%clk 1:03:54]} Qxb6 {[%clk 0:51:39]} 15. Bxb6
{[%clk 1:04:19]} Be6 {[%clk 0:39:29]} 16. Bc7 {[%clk 1:02:18]} Nd7
{[%clk 0:34:55]} 17. Nd5 {[%clk 0:55:35]} Rc8 {[%clk 0:33:24]} 18. Ba5
{[%clk 0:55:28]} Bxd5 {[%clk 0:17:59]} 19. exd5 {[%clk 0:55:47]} Rc5
{[%clk 0:18:20]} 20. Bc3 {[%clk 0:44:18]} Rxd5 {[%clk 0:18:33]} 21. Bf3
{[%clk 0:43:09]} Rb5 {[%clk 0:15:41]} 22. a4 {[%clk 0:41:57]} Rb6
{[%clk 0:16:00]} 23. O-O-O {[%clk 0:41:24]} Nc5 {[%clk 0:11:56]} 24. a5
{[%clk 0:39:30]} Rg6 {[%clk 0:06:37]} 25. Bxe5 {[%clk 0:39:04]} O-O
{[%clk 0:06:29]} 26. Rhe1 {[%clk 0:31:54]} b5 {[%clk 0:04:24]} 27. axb6
{[%clk 0:30:54]} Rxb6 {[%clk 0:04:52]} 28. Bd4 {[%clk 0:25:32]} Bd6
{[%clk 0:05:03]} 29. g3 {[%clk 0:22:05]} a5 {[%clk 0:04:24]} 30. Re3
{[%clk 0:21:08]} Rc8 {[%clk 0:01:45]} 31. Rc3 {[%clk 0:18:09]} Bf8
{[%clk 0:00:42]} 32. Bg4 {[%clk 0:10:17]} Rc7 {[%clk 0:01:01]} 33. Re1
{[%clk 0:09:38]} Rb4 {[%clk 0:01:21]} 34. Be5 {[%clk 0:06:30]} Rcb7
{[%clk 0:00:48]} 35. Bf3 {[%clk 0:06:38]} R7b5 {[%clk 0:01:00]} 36. Rce3
{[%clk 0:03:56]} Ne6 {[%clk 0:00:45]} 37. Bc3 {[%clk 0:04:00]} Ra4
{[%clk 0:00:35]} 38. b3 {[%clk 0:04:07]} Ba3+ {[%clk 0:00:33]} 39. Kd2
{[%clk 0:04:04]} Rd4+ {[%clk 0:00:45]} 40. Bxd4 {[%clk 0:03:34]} Nxd4
{[%clk 0:01:14]} 41. Kd3 {[%clk 0:02:35]} Ne6 {[%clk 0:01:25]} 42. Re5
{[%clk 0:02:38]} Nc5+ {[%clk 0:01:27]} 43. Ke2 {[%clk 0:02:50]} Rb6
{[%clk 0:01:44]} 44. Rd1 {[%clk 0:02:44]} g5 {[%clk 0:01:28]} 45. Rd8+
{[%clk 0:02:35]} Kg7 {[%clk 0:01:57]} 46. Bd5 {[%clk 0:02:30]} a4
{[%clk 0:01:31]} 47. bxa4 {[%clk 0:02:01]} Nxa4 {[%clk 0:01:58]} 48. Rd7
{[%clk 0:01:08]} Nc3+ {[%clk 0:02:27]} 49. Kd3 {[%clk 0:01:32]} Nxd5
{[%clk 0:02:52]} 50. Rdxd5 {[%clk 0:01:38]} Kg6 {[%clk 0:02:50]} 51. Rf5
{[%clk 0:01:53]} Rb1 {[%clk 0:02:21]} 52. Rf2 {[%clk 0:02:08]} Rd1+
{[%clk 0:02:02]} 53. Ke4 1-0

[Event "Kibizov Memorial 2018"]
[Site "?"]
[Date "2018.06.28"]
[Round "8.4"]
[White "Eidelson, Rakhil"]
[Black "Petrenko, Svetlana"]
[Result "1/2-1/2"]
[BlackElo "2188"]
[WhiteElo "2080"]
[LiveChessVersion "1.4.8"]

1. e4 {[%clk 1:30:28]} c5 {[%clk 1:30:49]} 2. Nf3 {[%clk 1:30:48]} e6
{[%clk 1:31:04]} 3. d3 {[%clk 1:30:40]} Nc6 {[%clk 1:30:50]} 4. g3
{[%clk 1:30:50]} Nf6 {[%clk 1:31:03]} 5. Bg2 {[%clk 1:30:56]} Be7
{[%clk 1:30:59]} 6. O-O {[%clk 1:30:30]} d5 {[%clk 1:30:58]} 7. Qe2
{[%clk 1:28:33]} O-O {[%clk 1:30:34]} 8. e5 {[%clk 1:28:01]} Nd7 {[%clk 1:30:48]}
9. c4 {[%clk 1:27:44]} d4 {[%clk 1:30:52]} 10. h4 {[%clk 1:26:51]} h6
{[%clk 1:30:43]} 11. h5 {[%clk 1:26:20]} a6 {[%clk 1:30:18]} 12. Re1
{[%clk 1:25:59]} b5 {[%clk 1:26:14]} 13. b3 {[%clk 1:24:28]} Rb8 {[%clk 1:25:40]}
14. Nbd2 {[%clk 1:24:20]} Bb7 {[%clk 1:25:21]} 15. Nf1 {[%clk 1:24:16]} bxc4
{[%clk 1:23:39]} 16. bxc4 {[%clk 1:24:23]} Ba8 {[%clk 1:23:46]} 17. N1h2
{[%clk 1:23:42]} Qa5 {[%clk 1:22:24]} 18. Ng4 {[%clk 1:22:18]} Qc3
{[%clk 1:21:50]} 19. Bd2 {[%clk 1:21:53]} Qa3 {[%clk 1:21:53]} 20. Bc1
{[%clk 1:21:55]} Qc3 {[%clk 1:21:58]} 21. Bd2 {[%clk 1:22:09]} Qa3
{[%clk 1:22:08]} 1/2-1/2

[Event "Kibizov Memorial 2018"]
[Site "?"]
[Date "2018.06.28"]
[Round "8.5"]
[White "Grigorieva, Yulia"]
[Black "Filippova, Darya"]
[Result "1/2-1/2"]
[BlackElo "1938"]
[WhiteElo "2035"]
[LiveChessVersion "1.4.8"]

1. d4 {[%clk 1:30:58]} Nf6 {[%clk 1:30:47]} 2. c4 {[%clk 1:31:17]} e6
{[%clk 1:31:08]} 3. Nc3 {[%clk 1:31:35]} b6 {[%clk 1:30:41]} 4. e3
{[%clk 1:28:14]} Bb7 {[%clk 1:30:49]} 5. Nf3 {[%clk 1:28:31]} d5 {[%clk 1:29:26]}
6. cxd5 {[%clk 1:26:06]} exd5 {[%clk 1:29:41]} 7. b3 {[%clk 1:26:16]} Bd6
{[%clk 1:29:19]} 8. g3 {[%clk 1:25:45]} Nbd7 {[%clk 1:29:06]} 9. Bg2
{[%clk 1:25:13]} O-O {[%clk 1:29:14]} 10. O-O {[%clk 1:23:57]} a6
{[%clk 1:29:21]} 11. Bb2 {[%clk 1:20:23]} Qe7 {[%clk 1:29:19]} 12. a3
{[%clk 1:14:22]} Ne4 {[%clk 1:28:31]} 13. Ne2 {[%clk 0:59:51]} Rae8
{[%clk 1:27:18]} 14. b4 {[%clk 0:55:08]} Kh8 {[%clk 1:23:52]} 15. Nc1
{[%clk 0:49:05]} f6 {[%clk 1:19:52]} 16. Nh4 {[%clk 0:44:20]} g6 {[%clk 1:19:20]}
17. Nd3 {[%clk 0:38:12]} Qf7 {[%clk 1:18:45]} 18. Qc2 {[%clk 0:32:58]} Re7
{[%clk 1:17:44]} 19. Rae1 {[%clk 0:26:02]} 1/2-1/2

[Event "Kibizov Memorial 2018"]
[Site "?"]
[Date "2018.06.28"]
[Round "8.6"]
[White "Smorchkov, Danil"]
[Black "Sitnikov, Anton"]
[Result "0-1"]
[BlackElo "2436"]
[WhiteElo "2216"]
[LiveChessVersion "1.4.8"]

1. e4 {[%clk 1:30:07]} d6 {[%clk 1:30:53]} 2. d4 {[%clk 1:29:39]} Nf6
{[%clk 1:31:22]} 3. Nc3 {[%clk 1:29:11]} Nbd7 {[%clk 1:31:51]} 4. Nf3
{[%clk 1:27:39]} e5 {[%clk 1:32:20]} 5. Bc4 {[%clk 1:27:10]} Be7 {[%clk 1:32:49]}
6. O-O {[%clk 1:25:39]} O-O {[%clk 1:33:18]} 7. Re1 {[%clk 1:23:54]} c6
{[%clk 1:33:44]} 8. a4 {[%clk 1:23:59]} exd4 {[%clk 1:34:07]} 9. Nxd4
{[%clk 1:22:40]} Ne5 {[%clk 1:34:35]} 10. Bf1 {[%clk 1:12:40]} Re8
{[%clk 1:34:58]} 11. Bg5 {[%clk 1:09:59]} h6 {[%clk 1:34:29]} 12. Bh4
{[%clk 1:09:46]} Ng6 {[%clk 1:34:40]} 13. Bg3 {[%clk 1:09:42]} Bf8
{[%clk 1:33:14]} 14. Qd2 {[%clk 1:03:51]} Nh5 {[%clk 1:33:14]} 15. Rad1
{[%clk 0:59:00]} Nxg3 {[%clk 1:32:54]} 16. hxg3 {[%clk 0:59:24]} Qf6
{[%clk 1:23:50]} 17. f4 {[%clk 0:49:57]} h5 {[%clk 1:22:09]} 18. Be2
{[%clk 0:45:49]} h4 {[%clk 1:22:21]} 19. f5 {[%clk 0:45:09]} Ne5 {[%clk 1:22:31]}
20. g4 {[%clk 0:45:22]} Be7 {[%clk 1:21:48]} 21. Bf3 {[%clk 0:29:17]} Bd7
{[%clk 1:10:15]} 22. Nde2 {[%clk 0:22:21]} Nc4 {[%clk 1:09:54]} 23. Qc1
{[%clk 0:22:44]} d5 {[%clk 0:58:06]} 24. exd5 {[%clk 0:19:11]} Bc5+
{[%clk 0:47:16]} 25. Kh1 {[%clk 0:19:15]} Be3 {[%clk 0:39:00]} 26. Qa1
{[%clk 0:19:07]} h3 {[%clk 0:39:22]} 27. Ng3 {[%clk 0:11:42]} cxd5
{[%clk 0:33:04]} 28. Nxd5 {[%clk 0:11:20]} Qh4 {[%clk 0:33:33]} 29. Nxe3
{[%clk 0:05:45]} Nxe3 {[%clk 0:27:52]} 30. Rxe3 {[%clk 0:06:03]} Rxe3
{[%clk 0:28:15]} 31. Nf1 {[%clk 0:05:47]} Rxf3 {[%clk 0:27:42]} 32. gxf3
{[%clk 0:06:12]} Bc6 {[%clk 0:24:05]} 33. Rd2 {[%clk 0:04:51]} Re8
{[%clk 0:21:07]} 34. Qa3 {[%clk 0:03:10]} Re1 {[%clk 0:19:09]} 35. Qd3
{[%clk 0:03:36]} Qg3 {[%clk 0:19:22]} 0-1

[Event "Kibizov Memorial 2018"]
[Site "?"]
[Date "2018.06.28"]
[Round "8.8"]
[White "Nugumanov, Bakhtiyar"]
[Black "Vaseptsov, Maxim"]
[Result "1/2-1/2"]
[BlackElo "2256"]
[WhiteElo "2413"]
[LiveChessVersion "1.4.8"]

1. e4 {[%clk 1:30:56]} c6 {[%clk 1:29:17]} 2. d4 {[%clk 1:30:43]} d5
{[%clk 1:29:30]} 3. Nd2 {[%clk 1:31:05]} dxe4 {[%clk 1:28:38]} 4. Nxe4
{[%clk 1:31:28]} Nd7 {[%clk 1:26:33]} 5. Ng5 {[%clk 1:29:00]} Ngf6
{[%clk 1:25:50]} 6. Bd3 {[%clk 1:29:06]} g6 {[%clk 1:23:56]} 7. N1f3
{[%clk 1:26:21]} Bg7 {[%clk 1:22:07]} 8. O-O {[%clk 1:26:20]} O-O
{[%clk 1:17:33]} 9. c3 {[%clk 1:25:14]} c5 {[%clk 1:15:02]} 10. Re1
{[%clk 1:22:53]} cxd4 {[%clk 1:12:34]} 11. Nxd4 {[%clk 1:22:18]} Nc5
{[%clk 1:08:07]} 12. Bc4 {[%clk 1:18:31]} Bg4 {[%clk 1:06:18]} 13. Qc2
{[%clk 1:16:00]} Rc8 {[%clk 1:05:04]} 14. h3 {[%clk 1:09:55]} Bd7
{[%clk 1:01:47]} 15. Bf4 {[%clk 1:04:41]} Ne8 {[%clk 0:49:11]} 16. Rad1
{[%clk 0:59:22]} Nd6 {[%clk 0:29:53]} 17. Bxd6 {[%clk 0:47:43]} exd6
{[%clk 0:30:14]} 18. Qd2 {[%clk 0:46:43]} h6 {[%clk 0:25:36]} 19. Ngf3
{[%clk 0:44:31]} Qf6 {[%clk 0:26:00]} 20. Re3 {[%clk 0:42:17]} a6
{[%clk 0:18:53]} 21. Bd5 {[%clk 0:39:06]} b5 {[%clk 0:15:49]} 22. Nh2
{[%clk 0:34:30]} Rce8 {[%clk 0:10:58]} 23. Bc6 {[%clk 0:27:42]} Rxe3
{[%clk 0:08:25]} 24. Qxe3 {[%clk 0:27:24]} Re8 {[%clk 0:08:51]} 25. Ng4
{[%clk 0:23:44]} Qe7 {[%clk 0:02:03]} 26. Bxd7 {[%clk 0:21:16]} Qxd7
{[%clk 0:01:09]} 27. Qf4 {[%clk 0:19:35]} f5 {[%clk 0:01:38]} 28. Nxh6+
{[%clk 0:17:11]} Kh7 {[%clk 0:01:50]} 29. Nhxf5 {[%clk 0:17:29]} gxf5
{[%clk 0:02:11]} 30. Nxf5 {[%clk 0:17:39]} Re6 {[%clk 0:01:25]} 31. Qh4+
{[%clk 0:15:33]} Kg8 {[%clk 0:01:55]} 32. Qg4 {[%clk 0:14:51]} Re5
{[%clk 0:01:34]} 33. Qxg7+ {[%clk 0:11:36]} Qxg7 {[%clk 0:02:03]} 34. Nxg7
{[%clk 0:12:05]} Kxg7 {[%clk 0:01:41]} 35. Rxd6 {[%clk 0:10:09]} Re2
{[%clk 0:01:19]} 36. Rc6 {[%clk 0:10:03]} Ne4 {[%clk 0:01:09]} 37. f3
{[%clk 0:08:17]} Ng3 {[%clk 0:01:17]} 38. Rxa6 {[%clk 0:08:16]} Rxb2
{[%clk 0:01:30]} 39. a4 {[%clk 0:07:38]} Ne2+ {[%clk 0:00:44]} 40. Kf1
{[%clk 0:07:33]} bxa4 {[%clk 0:00:56]} 41. Rxa4 {[%clk 0:07:41]} Nxc3
{[%clk 0:01:24]} 42. Rg4+ {[%clk 0:05:53]} Kf6 {[%clk 0:01:34]} 43. Kg1
{[%clk 0:06:07]} Nd5 {[%clk 0:00:44]} 44. Re4 {[%clk 0:05:34]} Nc3
{[%clk 0:00:37]} 45. Rc4 {[%clk 0:04:42]} Nd5 {[%clk 0:01:00]} 46. Rc8
{[%clk 0:03:17]} Ne3 {[%clk 0:00:43]} 47. Rg8 {[%clk 0:03:15]} Kf7
{[%clk 0:00:49]} 48. Rg5 {[%clk 0:03:06]} Kf6 {[%clk 0:01:14]} 49. Rg8
{[%clk 0:02:03]} Kf7 {[%clk 0:01:15]} 50. Rg5 {[%clk 0:01:37]} 1/2-1/2

[Event "Kibizov Memorial 2018"]
[Site "?"]
[Date "2018.06.28"]
[Round "8.9"]
[White "Remizov, Yaroslav"]
[Black "Yumakhuzhin, Vadim"]
[Result "1-0"]
[BlackElo "2221"]
[WhiteElo "2308"]
[LiveChessVersion "1.4.8"]

1. e4 {[%clk 1:30:58]} c5 {[%clk 1:30:54]} 2. Nf3 {[%clk 1:31:25]} d6
{[%clk 1:31:20]} 3. d4 {[%clk 1:31:53]} cxd4 {[%clk 1:31:45]} 4. Nxd4
{[%clk 1:32:22]} Nf6 {[%clk 1:32:09]} 5. Nc3 {[%clk 1:32:48]} a6 {[%clk 1:32:37]}
6. Be3 {[%clk 1:33:13]} e6 {[%clk 1:31:24]} 7. Be2 {[%clk 1:30:40]} b5
{[%clk 1:30:05]} 8. Bf3 {[%clk 1:29:05]} e5 {[%clk 1:27:35]} 9. Nb3
{[%clk 1:29:30]} Bb7 {[%clk 1:22:20]} 10. Qd2 {[%clk 1:29:40]} Nbd7
{[%clk 1:20:57]} 11. Nd5 {[%clk 1:24:29]} Bxd5 {[%clk 1:13:46]} 12. exd5
{[%clk 1:24:19]} a5 {[%clk 1:14:03]} 13. a4 {[%clk 1:23:57]} b4 {[%clk 1:14:23]}
14. O-O {[%clk 1:23:52]} Be7 {[%clk 1:13:45]} 15. c3 {[%clk 1:20:17]} bxc3
{[%clk 1:13:37]} 16. bxc3 {[%clk 1:20:29]} O-O {[%clk 1:11:52]} 17. c4
{[%clk 1:17:05]} Re8 {[%clk 1:00:17]} 18. Rfd1 {[%clk 1:07:41]} Bf8
{[%clk 0:53:36]} 19. Rac1 {[%clk 1:06:31]} Nc5 {[%clk 0:42:40]} 20. Nxc5
{[%clk 0:59:53]} dxc5 {[%clk 0:43:05]} 21. d6 {[%clk 0:56:44]} e4
{[%clk 0:43:21]} 22. Be2 {[%clk 0:56:47]} Re6 {[%clk 0:28:45]} 23. Bxc5
{[%clk 0:53:47]} Rc8 {[%clk 0:29:07]} 24. Ba3 {[%clk 0:48:36]} e3
{[%clk 0:28:01]} 25. fxe3 {[%clk 0:46:09]} Ne4 {[%clk 0:28:27]} 26. Qd4
{[%clk 0:44:54]} Qh4 {[%clk 0:25:22]} 27. d7 {[%clk 0:36:54]} Qf2+
{[%clk 0:18:40]} 28. Kh1 {[%clk 0:37:19]} Rd8 {[%clk 0:14:32]} 29. Bxf8
{[%clk 0:37:36]} Kxf8 {[%clk 0:12:21]} 30. Bh5 {[%clk 0:35:24]} Qh4
{[%clk 0:03:22]} 31. Bf3 {[%clk 0:35:24]} Rh6 {[%clk 0:03:12]} 32. h3
{[%clk 0:25:24]} Nf2+ {[%clk 0:03:36]} 33. Kh2 {[%clk 0:19:51]} Nxd1
{[%clk 0:04:00]} 34. Rxd1 {[%clk 0:20:04]} Qxd4 {[%clk 0:04:24]} 35. exd4
{[%clk 0:20:12]} Rxd7 {[%clk 0:01:46]} 36. d5 {[%clk 0:20:31]} Rb6
{[%clk 0:00:47]} 37. c5 {[%clk 0:20:55]} Rb4 {[%clk 0:00:59]} 38. d6
{[%clk 0:21:12]} Rc4 {[%clk 0:01:17]} 39. c6 {[%clk 0:21:22]} Rd8
{[%clk 0:01:34]} 40. c7 {[%clk 0:21:38]} Rd7 {[%clk 0:01:00]} 41. Bg4
{[%clk 0:21:57]} Rxd6 {[%clk 0:00:44]} 42. Rxd6 {[%clk 0:22:22]} Rxc7
{[%clk 0:01:11]} 43. Ra6 {[%clk 0:22:42]} Rc5 {[%clk 0:01:25]} 44. Bd7
{[%clk 0:23:10]} Ke7 {[%clk 0:01:37]} 45. Bb5 {[%clk 0:23:37]} 1-0

[Event "Kibizov Memorial 2018"]
[Site "?"]
[Date "2018.06.28"]
[Round "8.10"]
[White "Berzinsh, Roland"]
[Black "Frolov, Artiom"]
[Result "1-0"]
[BlackElo "2396"]
[WhiteElo "2410"]
[LiveChessVersion "1.4.8"]

1. d4 {[%clk 1:30:57]} d5 {[%clk 1:30:03]} 2. Bf4 {[%clk 1:31:07]} c5
{[%clk 1:29:37]} 3. e3 {[%clk 1:31:27]} Nc6 {[%clk 1:29:21]} 4. Nf3
{[%clk 1:31:39]} Nf6 {[%clk 1:24:18]} 5. Nbd2 {[%clk 1:31:42]} cxd4
{[%clk 1:21:35]} 6. exd4 {[%clk 1:30:14]} Bg4 {[%clk 1:13:46]} 7. c3
{[%clk 1:30:31]} Bxf3 {[%clk 1:03:31]} 8. Nxf3 {[%clk 1:30:05]} e6
{[%clk 1:03:24]} 9. Qb3 {[%clk 1:30:02]} Qc8 {[%clk 1:02:47]} 10. Bd3
{[%clk 1:29:46]} Be7 {[%clk 1:00:01]} 11. O-O {[%clk 1:29:57]} O-O
{[%clk 0:56:46]} 12. Rfe1 {[%clk 1:30:17]} Nh5 {[%clk 0:50:49]} 13. Bd2
{[%clk 1:29:30]} Qc7 {[%clk 0:49:06]} 14. Qd1 {[%clk 1:26:11]} Nf6
{[%clk 0:43:20]} 15. Bg5 {[%clk 1:23:13]} Rfe8 {[%clk 0:41:41]} 16. Qc2
{[%clk 1:15:02]} g6 {[%clk 0:40:37]} 17. Qd2 {[%clk 1:11:37]} a6 {[%clk 0:35:04]}
18. h4 {[%clk 1:01:02]} Nh5 {[%clk 0:28:04]} 19. Rad1 {[%clk 0:57:05]} b5
{[%clk 0:26:23]} 20. g3 {[%clk 0:49:27]} Bd6 {[%clk 0:23:28]} 21. Nh2
{[%clk 0:49:06]} f6 {[%clk 0:22:05]} 22. Bh6 {[%clk 0:48:22]} f5 {[%clk 0:21:18]}
23. Bg5 {[%clk 0:46:58]} Nd8 {[%clk 0:15:32]} 24. Be2 {[%clk 0:44:21]} Ng7
{[%clk 0:15:39]} 25. Bf3 {[%clk 0:33:59]} Rb8 {[%clk 0:14:59]} 26. Re2
{[%clk 0:29:20]} Nf7 {[%clk 0:14:50]} 27. Bf6 {[%clk 0:29:44]} Qd7
{[%clk 0:13:23]} 28. Rde1 {[%clk 0:29:38]} Bf8 {[%clk 0:10:00]} 29. h5
{[%clk 0:29:00]} Nxh5 {[%clk 0:06:16]} 30. Bxh5 {[%clk 0:28:00]} gxh5
{[%clk 0:06:44]} 31. Nf3 {[%clk 0:28:08]} Bh6 {[%clk 0:06:49]} 32. Qd3
{[%clk 0:27:21]} Ra8 {[%clk 0:04:24]} 33. Kg2 {[%clk 0:26:51]} Nd6
{[%clk 0:03:50]} 34. Ne5 {[%clk 0:27:05]} Qb7 {[%clk 0:03:35]} 35. Qf3
{[%clk 0:25:58]} Rf8 {[%clk 0:03:51]} 36. Bh4 {[%clk 0:26:17]} Rae8
{[%clk 0:02:43]} 37. Qxh5 {[%clk 0:26:26]} Qg7 {[%clk 0:01:02]} 38. Nd7
{[%clk 0:26:06]} Ne4 {[%clk 0:00:45]} 39. f3 {[%clk 0:25:31]} Nxg3
{[%clk 0:00:39]} 40. Bxg3 {[%clk 0:25:27]} f4 {[%clk 0:00:34]} 41. Nxf8
{[%clk 0:25:36]} Rxf8 {[%clk 0:00:33]} 42. Rxe6 {[%clk 0:25:53]} Qxg3+
{[%clk 0:00:39]} 43. Kh1 {[%clk 0:26:05]} Rf5 {[%clk 0:00:35]} 44. Re8+
{[%clk 0:24:55]} Bf8 {[%clk 0:00:46]} 45. Rxf8+ {[%clk 0:25:18]} Kg7
{[%clk 0:00:31]} 46. Re7+ {[%clk 0:25:34]} 1-0